<?xml version="1.0" encoding="UTF-8"?>
<record
    xmlns:xsi="http://www.w3.org/2001/XMLSchema-instance"
    xsi:schemaLocation="http://www.loc.gov/MARC21/slim http://www.loc.gov/standards/marcxml/schema/MARC21slim.xsd"
    xmlns="http://www.loc.gov/MARC21/slim">

  <leader>02522cam a2200577 i 4500</leader>
  <controlfield tag="001">xx004887071</controlfield>
  <controlfield tag="003">NUKAT</controlfield>
  <controlfield tag="005">20260430110537.0</controlfield>
  <controlfield tag="008">200617s2020    pl     g     |001 0 pol c</controlfield>
  <datafield tag="020" ind1=" " ind2=" ">
    <subfield code="a">9788380988859</subfield>
    <subfield code="q">(oprawa twarda)</subfield>
  </datafield>
  <datafield tag="035" ind1=" " ind2=" ">
    <subfield code="a">(OCoLC)1164140154</subfield>
  </datafield>
  <datafield tag="035" ind1=" " ind2=" ">
    <subfield code="a">(NUKAT)xx004887071</subfield>
  </datafield>
  <datafield tag="040" ind1=" " ind2=" ">
    <subfield code="a">KAT U/MB</subfield>
    <subfield code="b">pol</subfield>
    <subfield code="e">rda</subfield>
    <subfield code="c">KAT U/MBs</subfield>
    <subfield code="d">KAT U/DB</subfield>
    <subfield code="d">POZN U/EMs</subfield>
    <subfield code="d">WR O/KP</subfield>
    <subfield code="d">WA 14/PTs</subfield>
    <subfield code="d">OLSZT 008/bak</subfield>
  </datafield>
  <datafield tag="045" ind1="2" ind2=" ">
    <subfield code="b">d1956</subfield>
    <subfield code="b">d1975</subfield>
  </datafield>
  <datafield tag="046" ind1=" " ind2=" ">
    <subfield code="k">2020</subfield>
  </datafield>
  <datafield tag="100" ind1="1" ind2=" ">
    <subfield code="a">Ruzikowski, Tadeusz</subfield>
    <subfield code="d">(1975- ).</subfield>
    <subfield code="e">Autor</subfield>
    <subfield code="9">40990</subfield>
  </datafield>
  <datafield tag="245" ind1="1" ind2="0">
    <subfield code="a">W s&#x142;u&#x17C;bie bezpiecze&#x144;stwa stolicy :</subfield>
    <subfield code="b">S&#x142;u&#x17C;ba Bezpiecze&#x144;stwa Komendy MO m. st. Warszawy i Komendy Sto&#x142;ecznej MO w latach 1956-1975 /</subfield>
    <subfield code="c">Tadeusz Ruzikowski.</subfield>
  </datafield>
  <datafield tag="260" ind1=" " ind2=" ">
    <subfield code="a">Warszawa :</subfield>
    <subfield code="b">Instytut Pami&#x119;ci Narodowej Komisja &#x15A;cigania Zbrodni przeciwko Narodowi Polskiemu Oddzia&#x142; w Warszawie,</subfield>
    <subfield code="c">2020.</subfield>
  </datafield>
  <datafield tag="300" ind1=" " ind2=" ">
    <subfield code="a">476, [1] strona ;</subfield>
    <subfield code="c">25 cm.</subfield>
  </datafield>
  <datafield tag="336" ind1=" " ind2=" ">
    <subfield code="a">Tekst</subfield>
    <subfield code="b">txt</subfield>
    <subfield code="2">rdacontent</subfield>
  </datafield>
  <datafield tag="337" ind1=" " ind2=" ">
    <subfield code="a">Bez urz&#x105;dzenia po&#x15B;rednicz&#x105;cego</subfield>
    <subfield code="b">n</subfield>
    <subfield code="2">rdamedia</subfield>
  </datafield>
  <datafield tag="338" ind1=" " ind2=" ">
    <subfield code="a">Wolumin</subfield>
    <subfield code="b">nc</subfield>
    <subfield code="2">rdacarrier</subfield>
  </datafield>
  <datafield tag="380" ind1=" " ind2=" ">
    <subfield code="a">Ksi&#x105;&#x17C;ki</subfield>
  </datafield>
  <datafield tag="380" ind1=" " ind2=" ">
    <subfield code="a">Publikacje naukowe</subfield>
  </datafield>
  <datafield tag="385" ind1=" " ind2=" ">
    <subfield code="a">Historycy</subfield>
  </datafield>
  <datafield tag="385" ind1=" " ind2=" ">
    <subfield code="a">Politolodzy</subfield>
  </datafield>
  <datafield tag="388" ind1="1" ind2=" ">
    <subfield code="a">2001-</subfield>
  </datafield>
  <datafield tag="490" ind1="1" ind2=" ">
    <subfield code="a">Warszawa Nie?Pokonana ;</subfield>
    <subfield code="v">T. 20</subfield>
  </datafield>
  <datafield tag="504" ind1=" " ind2=" ">
    <subfield code="a">Bibliografia na stronach 465-469. Indeks.</subfield>
  </datafield>
  <datafield tag="610" ind1="1" ind2="7">
    <subfield code="a">Polska.</subfield>
    <subfield code="b">S&#x142;u&#x17C;ba Bezpiecze&#x144;stwa</subfield>
    <subfield code="x">historia</subfield>
    <subfield code="v">&#x17A;r&#xF3;d&#x142;a.</subfield>
    <subfield code="2">kaba</subfield>
    <subfield code="9">12651</subfield>
  </datafield>
  <datafield tag="610" ind1="1" ind2="7">
    <subfield code="a">Polska.</subfield>
    <subfield code="b">Milicja Obywatelska</subfield>
    <subfield code="y">1945-1990</subfield>
    <subfield code="v">&#x17A;r&#xF3;d&#x142;a.</subfield>
    <subfield code="2">kaba</subfield>
    <subfield code="9">40986</subfield>
  </datafield>
  <datafield tag="610" ind1="1" ind2="7">
    <subfield code="a">Polska.</subfield>
    <subfield code="b">S&#x142;u&#x17C;ba Bezpiecze&#x144;stwa</subfield>
    <subfield code="y">1945-1990.</subfield>
    <subfield code="2">kaba</subfield>
    <subfield code="9">14968</subfield>
  </datafield>
  <datafield tag="610" ind1="1" ind2="7">
    <subfield code="a">Polska.</subfield>
    <subfield code="b">Milicja Obywatelska</subfield>
    <subfield code="y">1945-1990.</subfield>
    <subfield code="2">kaba</subfield>
    <subfield code="9">40987</subfield>
  </datafield>
  <datafield tag="610" ind1="2" ind2="7">
    <subfield code="a">Komenda Wojew&#xF3;dzka Milicji Obywatelskiej (Warszawa)</subfield>
    <subfield code="2">DBN</subfield>
    <subfield code="9">40988</subfield>
  </datafield>
  <datafield tag="610" ind1="2" ind2="7">
    <subfield code="a">S&#x142;u&#x17C;ba Bezpiecze&#x144;stwa (SB ; Polska)</subfield>
    <subfield code="2">DBN</subfield>
    <subfield code="9">39640</subfield>
  </datafield>
  <datafield tag="648" ind1=" " ind2="7">
    <subfield code="a">1901-2000</subfield>
    <subfield code="2">DBN</subfield>
    <subfield code="9">34996</subfield>
  </datafield>
  <datafield tag="648" ind1=" " ind2="7">
    <subfield code="a">1945-1989</subfield>
    <subfield code="2">DBN</subfield>
    <subfield code="9">36043</subfield>
  </datafield>
  <datafield tag="650" ind1=" " ind2="7">
    <subfield code="a">Represje polityczne</subfield>
    <subfield code="z">Polska</subfield>
    <subfield code="z">Warszawa</subfield>
    <subfield code="y">1945-1990.</subfield>
    <subfield code="2">kaba</subfield>
    <subfield code="9">40989</subfield>
  </datafield>
  <datafield tag="650" ind1=" " ind2="7">
    <subfield code="a">S&#x142;u&#x17C;ba bezpiecze&#x144;stwa</subfield>
    <subfield code="2">DBN</subfield>
    <subfield code="9">36912</subfield>
  </datafield>
  <datafield tag="650" ind1=" " ind2="7">
    <subfield code="a">PRL</subfield>
    <subfield code="2">DBN</subfield>
    <subfield code="9">35084</subfield>
  </datafield>
  <datafield tag="651" ind1=" " ind2="7">
    <subfield code="a">Warszawa (Polska)</subfield>
    <subfield code="y">1945-1990</subfield>
    <subfield code="v">&#x17A;r&#xF3;d&#x142;a.</subfield>
    <subfield code="2">kaba</subfield>
    <subfield code="9">40991</subfield>
  </datafield>
  <datafield tag="651" ind1=" " ind2="7">
    <subfield code="a">Warszawa (woj. mazowieckie)</subfield>
    <subfield code="2">DBN</subfield>
    <subfield code="9">37253</subfield>
  </datafield>
  <datafield tag="655" ind1=" " ind2="7">
    <subfield code="a">Monografia</subfield>
    <subfield code="2">DBN</subfield>
    <subfield code="9">35240</subfield>
  </datafield>
  <datafield tag="658" ind1=" " ind2=" ">
    <subfield code="a">Historia</subfield>
  </datafield>
  <datafield tag="658" ind1=" " ind2=" ">
    <subfield code="a">Polityka, politologia, administracja publiczna</subfield>
  </datafield>
  <datafield tag="658" ind1=" " ind2=" ">
    <subfield code="a">Bezpiecze&#x144;stwo i wojskowo&#x15B;&#x107;</subfield>
  </datafield>
  <datafield tag="710" ind1="2" ind2=" ">
    <subfield code="a">Instytut Pami&#x119;ci Narodowej - Komisja &#x15A;cigania Zbrodni przeciwko Narodowi Polskiemu.</subfield>
    <subfield code="b">Oddzia&#x142; (Warszawa).</subfield>
    <subfield code="e">Wydawca</subfield>
    <subfield code="4">pbl</subfield>
    <subfield code="9">13138</subfield>
  </datafield>
  <datafield tag="830" ind1=" " ind2="0">
    <subfield code="a">Warszawa Nie?Pokonana</subfield>
    <subfield code="v">T. 20</subfield>
    <subfield code="9">14501</subfield>
  </datafield>
  <datafield tag="920" ind1=" " ind2=" ">
    <subfield code="a">978-83-8098-885-9 (oprawa twarda)</subfield>
  </datafield>
  <datafield tag="942" ind1=" " ind2=" ">
    <subfield code="2">ddc</subfield>
    <subfield code="c">BK_NM</subfield>
  </datafield>
  <datafield tag="999" ind1=" " ind2=" ">
    <subfield code="c">27894</subfield>
    <subfield code="d">27894</subfield>
  </datafield>
  <datafield tag="952" ind1=" " ind2=" ">
    <subfield code="0">0</subfield>
    <subfield code="1">0</subfield>
    <subfield code="2">ddc</subfield>
    <subfield code="4">0</subfield>
    <subfield code="7">0</subfield>
    <subfield code="8">K_mag</subfield>
    <subfield code="a">BIP</subfield>
    <subfield code="b">BIP</subfield>
    <subfield code="d">2020-11-30</subfield>
    <subfield code="e">D-36/2020</subfield>
    <subfield code="f">D</subfield>
    <subfield code="g">28.00</subfield>
    <subfield code="i">59983</subfield>
    <subfield code="l">0</subfield>
    <subfield code="o">59983</subfield>
    <subfield code="p">IPWK24087</subfield>
    <subfield code="r">2026-04-30 11:06:32</subfield>
    <subfield code="w">2026-04-30</subfield>
    <subfield code="y">BK_NM</subfield>
  </datafield>
</record>
